Phân lập dòng vi khuẩn phân huỷ cellulose và thử nghiệm xử lý rác thải thực vật : (Chuyên ngành khoa học môi trường)

Nội dung đề tài chọn lọc dòng vi khuẩn phân huỷ cellulose và ứng dụng để xử lý rác thải thực vật chưa cellulose.

Na minha lista:
Detalhes bibliográficos
Autor principal: Võ, Thị Ngọc Giàu
Formato: Livro
Idioma:Undetermined
Publicado em: Cần Thơ Trường Đại học Cần Thơ 2008
Assuntos:
Tags: Adicionar Tag
Sem tags, seja o primeiro a adicionar uma tag!
Thư viện lưu trữ: Trung tâm Học liệu Trường Đại học Cần Thơ
LEADER 01001nam a2200217Ia 4500
001 CTU_135986
008 210402s9999 xx 000 0 und d
082 |a 363.7 
082 |b Gi111 
088 |a 60440301 
100 |a Võ, Thị Ngọc Giàu 
245 0 |a Phân lập dòng vi khuẩn phân huỷ cellulose và thử nghiệm xử lý rác thải thực vật : 
245 0 |b (Chuyên ngành khoa học môi trường) 
245 0 |c Võ Thị Ngọc Giàu ; Nguyễn Hữu Hiệp giáo viên hướng dẫn 
260 |a Cần Thơ 
260 |b Trường Đại học Cần Thơ 
260 |c 2008 
520 |a Nội dung đề tài chọn lọc dòng vi khuẩn phân huỷ cellulose và ứng dụng để xử lý rác thải thực vật chưa cellulose. 
650 |a Environmental protection,Bảo vệ môi trường 
904 |i Tuyến 
980 |a Trung tâm Học liệu Trường Đại học Cần Thơ